Творчество студентов: [стихи, высказывания ]; Мы - математики

Dades bibliogràfiques
Parent link:Мы - математики.— 2005.— С. 100-103
Altres autors: Харлова А. Н. (составитель), Барышева В. К.
Idioma:rus
Publicat: 2005
Matèries:
Format: MixedMaterials Capítol de llibre
KOHA link:https://koha.lib.tpu.ru/cgi-bin/koha/opac-detail.pl?biblionumber=191882

MARC

LEADER 00000naa2a2200000 4500
001 191882
005 20231031180911.0
035 |a (RuTPU)RU\TPU\book\209246 
090 |a 191882 
100 |a 20110214d2005 k y0rusy50 ca 
101 0 |a rus 
102 |a RU 
200 1 |a Творчество студентов  |e [стихи, высказывания ]  |f сост. А. Н. Харлова ; сост. В. К. Барышева 
463 0 |0 (RuTPU)RU\TPU\book\86617  |t Мы - математики  |o альманах  |f Томский политехнический университет. Кафедра высшей матемстики  |v С. 100-103  |d 2005  |p 106 с. 
610 1 |a высшая математика 
610 1 |a кафедры 
610 1 |a студенты 
610 1 |a юмор 
610 1 |a педагогическая деятельность 
610 1 |a труды учёных ТПУ 
702 1 |a Харлова  |b А. Н.  |4 220 
702 1 |a Барышева  |b В. К.  |4 220 
801 1 |a RU  |b 63413507  |c 20110214 
942 |c BK